| 000 | nam a22 7a 4500 | ||
|---|---|---|---|
| 999 |
_c129656 _d129656 |
||
| 008 | 190528b xxu||||| |||| 00| 0 eng d | ||
| 020 | _a0 237 44573 5 | ||
| 050 | _aPR3588.C332 | ||
| 100 |
_aCarey, John _946537 |
||
| 245 |
_aMilton _c/ by John Carey |
||
| 260 |
_aLondon: _bEvans Brothers Limited, _c1969. |
||
| 300 |
_a154p. ; _c19cm. |
||
| 440 |
_aLiterature in persepective _946538 |
||
| 600 |
_aMilton, John _xCriticism _946531 |
||
| 942 |
_2lcc _cMONOGRAPH |
||